书目信息 |
| 题名: |
住房制度改革
|
|
| 作者: | 朱亚鹏 著 | |
| 分册: | ||
| 出版信息: | 广州 中山大学出版社 2007.03 |
|
| 页数: | 352页 | |
| 开本: | 23cm | |
| 丛书名: | ||
| 单 册: | ||
| 中图分类: | F299.233.1 | |
| 科图分类: | ||
| 主题词: | 住宅--zhu zhai--经济体制改革--研究--中国 | |
| 电子资源: | ||
| ISBN: | 978-7-306-02848-8 | |
| 000 | 01137nam0 2200265 450 | |
| 001 | 012007057432 | |
| 005 | 20070930112039.09 | |
| 010 | @a978-7-306-02848-8@dCNY48.00 | |
| 100 | @a20070810d2007 km y0chiy0120 ea | |
| 101 | 0 | @achi |
| 102 | @aCN@b440000 | |
| 105 | @aa a 000yy | |
| 200 | 1 | @a住房制度改革@Azhu fang zhi du gai ge@e政策创新与住房公平@d= Housing reform in China@epolicy innovation and housing equality@f朱亚鹏著@Fzhu ya peng zhu@zeng |
| 210 | @a广州@c中山大学出版社@d2007.03 | |
| 215 | @a352页@c图@d23cm | |
| 300 | @a国家二期“985工程”中山大学公共管理与社会发展研究哲学社会科学创新基地资金资助 | |
| 320 | @a有书目 (第323-52页)。 | |
| 330 | @a本书包含的主要内容有:中国住房政策与政策执行过程研究、中国住房改革(1979-1998年):政策执行与住房公平及贵阳住房改革的决策过程等内容。 | |
| 510 | 1 | @aHousing reform in China@epolicy innovation and housing equality@zeng |
| 517 | 1 | @a政策创新与住房公平@Azheng ce chuang xin yu zhu fang gong ping |
| 606 | 0 | @a住宅@Azhu zhai@x经济体制改革@x研究@y中国 |
| 690 | @aF299.233.1@v4 | |
| 701 | 0 | @a朱亚鹏@Azhu ya peng@4著 |
| 801 | 0 | @aCN@c20070930 |
| 905 | @dF299.233.1@eZ894 | |
| 住房制度改革:政策创新与住房公平= Housing reform in China:policy innovation and housing equality/朱亚鹏著.-广州:中山大学出版社,2007.03 |
| 352页:图;23cm |
| 国家二期“985工程”中山大学公共管理与社会发展研究哲学社会科学创新基地资金资助 |
| ISBN 978-7-306-02848-8:CNY48.00 |
| 本书包含的主要内容有:中国住房政策与政策执行过程研究、中国住房改革(1979-1998年):政策执行与住房公平及贵阳住房改革的决策过程等内容。 |
| ● |
| 相关链接 |
|
|
|
正题名:住房制度改革
索取号:F299.233.1/Z894
 
预约/预借
| 序号 | 登录号 | 条形码 | 馆藏地/架位号 | 状态 | 备注 |
| 1 | 257230 | 202572304 | 社科库409/409社科库 31排3列3层/ [索取号:F299.233.1/Z894] | 在馆 | |
| 2 | 257231 | 202572313 | 社科库409/409社科库 31排3列3层/ [索取号:F299.233.1/Z894] | 在馆 |